<The> Challenge of Organizational Change How Companies Experience It and Leaders Guide It
Enregistré dans:
| Auteur principal: | |
|---|---|
| Autres auteurs: | , |
| Format: | Livre |
| Langue: | anglais |
| Publié: |
New York
The Free Press
1992
|
| Édition: | 1. ed. |
| Sujets: | |
| Tags: |
Pas de tags, Soyez le premier à ajouter un tag!
|
MARC
| LEADER | 00000nam a2200000 4500 | ||
|---|---|---|---|
| 001 | c014292 | ||
| 005 | 20221206083204.4 | ||
| 020 | |a 0-02-916991-7 | ||
| 041 | 0 | |a eng | |
| 044 | |a US | ||
| 245 | 1 | 0 | |a <The> Challenge of Organizational Change |b How Companies Experience It and Leaders Guide It |c Rosabeth Moss Kanter, Barry A. Stein, Todd D. Jick |
| 250 | |a 1. ed. | ||
| 264 | 1 | |a New York |b The Free Press |c 1992 | |
| 300 | |a 535 s. | ||
| 610 | 2 | 0 | |a zmeny organizačné |
| 610 | 2 | 0 | |a organizácia práce |
| 610 | 2 | 0 | |a organizácia práce vedecká |
| 610 | 2 | 0 | |a reorganizácia |
| 610 | 2 | 0 | |a modernizácia |
| 610 | 2 | 0 | |a USA |
| 610 | 2 | 0 | |a štúdie prípadové |
| 610 | 2 | 0 | |a firmy |
| 100 | 1 | |a Kanter, Rosabeth Moss | |
| 700 | 1 | |a Stein, Barry A. | |
| 700 | 1 | |a Jick, Todd D. | |